000 00489nam a2200157Ia 4500
003 GCL
008 140319s9999 xx 000 0 ara d
040 _aGCL /
_cGCL
082 0 4 _aم
_b010.28
_bم ج
100 1 _aالمكتبة التجارية
245 1 0 _aجامع الزيتونة عمره الله /
_cالمكتبة التجارية
650 0 4 _aالفهارس
650 0 4 _aالمكتبات - فهارس
650 0 4 _aفهرس المكتبة العبدلية
942 _2ddc
_cREF
999 _c59707
_d59707